Catálogo

Mujeres innovadoras en la historia reciente de Iberoamérica / (Registro nro. 25824)

Detalles MARC
000 -LEADER
fixed length control field 01520cam a2200361 i 4500
001 - CONTROL NUMBER
control field 25824
003 - CONTROL NUMBER IDENTIFIER
control field Mx-PuUPA
005 - DATE AND TIME OF LATEST TRANSACTION
control field 20250221104759.0
008 - FIXED-LENGTH DATA ELEMENTS--GENERAL INFORMATION
fixed length control field 140415s2023 sp gr 000 0 spa d
017 ## - COPYRIGHT OR LEGAL DEPOSIT NUMBER
Copyright or legal deposit number NA 2598-2023
020 ## - INTERNATIONAL STANDARD BOOK NUMBER
International Standard Book Number 9788411621472
Qualifying information rústica
040 ## - CATALOGING SOURCE
Transcribing agency Mx-PuUPA
Original cataloging agency Mx-PuUPA
Language of cataloging spa
Modifying agency Mx-PuUPA
Description conventions rda
041 0# - LANGUAGE CODE
Language code of text/sound track or separate title spa
245 00 - TITLE STATEMENT
Title Mujeres innovadoras en la historia reciente de Iberoamérica /
Statement of responsibility, etc. Ma. Cruz Díaz de Terán Velasco, directora ; Rosa Carrasco Ligarda, María José Luna Lara, María Alejandra Cottoni [y otros nueve]
250 ## - EDITION STATEMENT
Edition statement Primera edición
264 #1 - PRODUCTION, PUBLICATION, DISTRIBUTION, MANUFACTURE, AND COPYRIGHT NOTICE
Place of production, publication, distribution, manufacture Navarra, España :
Name of producer, publisher, distributor, manufacturer Editorial Aranzadi,
Date of production, publication, distribution, manufacture, or copyright notice ©2023
300 ## - PHYSICAL DESCRIPTION
Extent 166 páginas :
Other physical details tablas ;
Dimensions 24 cm
336 ## - CONTENT TYPE
Fuente rdacontent
Content type term texto
Content type code txt
337 ## - MEDIA TYPE
Source rdamedia
Media type term sin medio
Media type code n
338 ## - CARRIER TYPE
Source rdacarrier
Carrier type term volumen
Carrier type code nc
490 0# - SERIES STATEMENT
Series statement Estudios ;
Volume/sequential designation 8
650 #7 - SUBJECT ADDED ENTRY--TOPICAL TERM
Source of heading or term armarc
Topical term or geographic name entry element Mujeres
Geographic subdivision América Latina
General subdivision Condiciones sociales
-- Historia
Chronological subdivision Siglo XXI
650 #7 - SUBJECT ADDED ENTRY--TOPICAL TERM
Source of heading or term armarc
Topical term or geographic name entry element Mujeres
Geographic subdivision América Latina
General subdivision Vida intelectual
650 #7 - SUBJECT ADDED ENTRY--TOPICAL TERM
Source of heading or term armarc
Topical term or geographic name entry element Cambio social
Geographic subdivision América Latina
General subdivision Historia
Chronological subdivision Siglo XXI
700 1# - ADDED ENTRY--PERSONAL NAME
Personal name Díaz de Terán Velasco, Ma. Cruz,
Fuller form of name (María Cruz)
9 (RLIN) 16659
Relator term directora
700 1# - ADDED ENTRY--PERSONAL NAME
Personal name Carrasco Ligarda, Rosa,
Relator term director
700 1# - ADDED ENTRY--PERSONAL NAME
Personal name Luna Lara, María José,
Relator term autor
700 1# - ADDED ENTRY--PERSONAL NAME
Personal name Cottoni, María Alejandra,
Relator term autor
942 ## - ADDED ENTRY ELEMENTS (KOHA)
Source of classification or shelving scheme Dewey Decimal Classification
Koha item type Libro
Classification part 305.4098
Item part M53
Existencias
Withdrawn status Lost status Source of classification or shelving scheme Damaged status Not for loan Collection code Home library Current library Shelving location Date acquired Source of acquisition Cost, normal purchase price Total Checkouts Full call number Barcode Date last seen Cost, replacement price Price effective from Koha item type
    Dewey Decimal Classification     General Biblioteca Karol Wojtyla Biblioteca Karol Wojtyla Sala general 14/02/2025 25 1280.00   305.4098 M53 2023 105938 05/01/2026 1280.00 14/02/2025 Libro